00772nam a22001697a 450000500170000000800410001702000180005805000280007610000210010424500730012525000190019826000550021730000190027250000500029165002190034170000420056020260421151730.0260421b |||||||| |||| 00| 0 eng d a9780471754992 aR 853 .S7 H67 2008bC.1 aHosmer, David W. aApplied Survival Analysis: Regression Modeling of Time-to-Event Data aSecond Edition aHoboken, New JerseybJohn Wiley & Sons, Inc.c2008 aix, 392p.:ill. aIncludes bibliographical references and index a1. Medicine - Research - Statistical methods. 2. Medical sciences - Statistical methods - Computer programmes. 3. Regression analysis - Data processing. 4. Prognosis - Statistical methods. 5. Logistic distribution. aI. Lemeshow, Stanley II. May, Susanne